| 000 | 00749cam a22002533a 4500 | ||
|---|---|---|---|
| 001 | 26961 | ||
| 003 | PGUSA | ||
| 005 | 20140828083600.0 | ||
| 008 | 081019s2008||||xxu|||||s|||||000 | eng d | ||
| 040 |
_aPGUSA _beng |
||
| 042 | _adc | ||
| 050 | 4 | _aBV | |
| 050 | 4 | _aBX | |
| 100 | 1 |
_aCatherine, of Siena, _cSaint, _d1347-1380 |
|
| 245 | 1 | 0 |
_aLibro della divina dottrina : _bDialogo della divina provvidenza _h[electronic resource] / _cof Siena, Catherine |
| 260 |
_bProject Gutenberg, _c2008 |
||
| 506 | _aPublic domain in the USA. | ||
| 516 | _aElectronic text | ||
| 653 | _aMysticism -- Catholic Church | ||
| 700 | 1 | _aFiorilli, Matilde | |
| 830 | 0 |
_aProject Gutenberg _v26961 |
|
| 856 | 4 | 0 | _uhttp://www.gutenberg.org/ebooks/26961 |
| 942 | _cEB | ||
| 999 |
_c256216 _d256216 |
||